<?xml version="1.0" encoding="UTF-8" ?>
<collection xmlns="http://www.loc.gov/MARC21/slim"><record><leader>00721nam a2200241   4500</leader><controlfield tag="001">231047</controlfield><controlfield tag="003">CH-000273-5</controlfield><controlfield tag="005">20250811124052.0</controlfield><datafield tag="020" ind1=" " ind2=" "><subfield code="a">978-3-907179-84-0</subfield></datafield><datafield tag="040" ind1=" " ind2=" "><subfield code="a">CH-000273-5</subfield><subfield code="b">ger</subfield><subfield code="e">rda</subfield></datafield><datafield tag="041" ind1="0" ind2=" "><subfield code="a">zxx</subfield></datafield><datafield tag="100" ind1="1" ind2=" "><subfield code="a">Nay, Wanda</subfield><subfield code="e">Künstler</subfield><subfield code="4">art</subfield></datafield><datafield tag="245" ind1="1" ind2="0"><subfield code="a">Horror Vacui</subfield><subfield code="c">Wanda Nay</subfield></datafield><datafield tag="250" ind1=" " ind2=" "><subfield code="a">First edition</subfield></datafield><datafield tag="264" ind1=" " ind2="1"><subfield code="a">[Zürich]</subfield><subfield code="b">Nieves</subfield><subfield code="c">[2025]</subfield></datafield><datafield tag="300" ind1=" " ind2=" "><subfield code="a">68 ungezählte Seiten</subfield><subfield code="c">30 cm</subfield></datafield><datafield tag="336" ind1=" " ind2=" "><subfield code="a">Text</subfield><subfield code="b">txt</subfield><subfield code="2">rdacontent</subfield></datafield><datafield tag="336" ind1=" " ind2=" "><subfield code="a">unbewegtes Bild</subfield><subfield code="b">sti</subfield><subfield code="2">rdacontent</subfield></datafield><datafield tag="337" ind1=" " ind2=" "><subfield code="a">ohne Hilfsmittel zu benutzen</subfield><subfield code="b">n</subfield><subfield code="2">rdamedia</subfield></datafield><datafield tag="338" ind1=" " ind2=" "><subfield code="a">Band</subfield><subfield code="b">nc</subfield><subfield code="2">rdacarrier</subfield></datafield><datafield tag="650" ind1=" " ind2="7"><subfield code="a">Zeichnung</subfield><subfield code="x">Brief</subfield><subfield code="g">Motiv</subfield><subfield code="2">gnd</subfield></datafield><datafield tag="710" ind1=" " ind2=" "><subfield code="a">Erna und Curt Burgauer Stiftung</subfield><subfield code="e">Sponsor</subfield><subfield code="4">spn</subfield></datafield><datafield tag="852" ind1="4" ind2=" "><subfield code="a">CH-000273-5</subfield><subfield code="c">BD 2025/0146</subfield></datafield></record></collection>